Guía para la elaboración de ordenanzas para el manejo de zonas de riesgos en los municipios

Bibliographic Details
Format: Section = Libro
Language:Undetermined
Spanish
Published: Managua COSUDE 2013
Subjects:
LEADER 00607nam a2200193Ia 4500
008 240829s9999 xx 000 0 und d
040 |a BIBLIOTECA-RUPAP Ref 363.34 C776g 
041 |a spa 
082 |a Ref 363.34 C776g 
245 1 0 |a Guía para la elaboración de ordenanzas para el manejo de zonas de riesgos en los municipios 
260 |a Managua  |b COSUDE  |c 2013 
300 |a 78 p. :il. 
650 7 |a GESTION DE RIESGOS 
650 7 |b  CAMBIO CLIMATICO-TERRITORIO 
650 7 |c  ANALISIS DE RIESGOS 
650 7 |d  AMENAZA-ORDENAMIENTO DEL TERRITORIO I. Tít. 
942 |c BK  |2 ddc 
991 |a TEXTO 
999 |c 10430